000 00311 a2200133 4500
001 48037
040 _cAnchieta - Aquarius
100 _aPatrocínio, José do
240 1 0 _aA campanha abolicionista
_lpor
245 1 0 _aA campanha abolicionista
300 _a165
650 4 _aLiteratura brasileira
942 _cBK
999 _c48037
_d48037